| 000 | 00651nam a2200205 a 4500 | ||
|---|---|---|---|
| 005 | 20210219153801.0 | ||
| 008 | 010830s1995 es r 000 0 spa d | ||
| 020 | _a8475174272 | ||
| 035 | _aUPN01000110776 | ||
| 049 | _aCG | ||
| 050 | 4 |
_aPQ7084 _bA6.7 |
|
| 245 | 0 | 0 |
_aAntología de la poesía latinoamericana de vanguardia : _b1916-1935 / _c[comp.] Mihai G. Grunfeld. |
| 260 |
_aMadrid : _bHiperión, _c1995. |
||
| 300 | _a558 p. | ||
| 440 | 0 |
_aPoesía Hiperión ; _v253 |
|
| 650 | 4 |
_aPOESIA LATINOAMERICANA - _ySIGLO XX |
|
| 650 | 4 | _aPOESIA LATINOAMERICANA (SELECCIONES, EXTRACTOS, ETC.) | |
| 700 | 1 |
_aGrunfeld, Mihai G., _ecomp. |
|
| 905 | _aLibro | ||
| 999 |
_c84685 _d84685 |
||